Strategies for Monetary Policy

Gespeichert in:
Bibliographische Detailangaben
Weitere Verfasser: Cochrane, John H., Taylor, John B.
Format: Buch
Sprache:Englisch
Veröffentlicht: Stanford Hoover Institution Press 2020
Ausgabe:1st Edition
Schlagworte:
Tags: Tag hinzufügen
Keine Tags, Fügen Sie das erste Tag hinzu!

MARC

LEADER 00000nam a2200000 4500
001 0279692
005 20230105093227.8
020 |a 978-0-8179-2374-7 
041 0 |a eng 
044 |a US 
245 1 0 |a Strategies for Monetary Policy  |c editors: John H. Cochrane, John B. Taylor 
250 |a 1st Edition 
264 1 |a Stanford  |b Hoover Institution Press  |c 2020 
300 |a 393 s. 
610 2 0 |a politika menová 
610 2 0 |a miera úroková 
610 2 0 |a nástroje politiky menovej 
610 2 0 |a trh finančný 
610 2 0 |a výkonnosť ekonomiky 
610 2 0 |a produkt domáci hrubý 
610 2 0 |a banky centrálne 
610 2 0 |a inflácia 
610 2 0 |a USA 
700 1 |a Cochrane, John H. 
700 1 |a Taylor, John B.